Fatawa Islamiyah Islamic Verdicts (Vol-7) / (Record no. 197097)
[ view plain ]
| 000 -LEADER | |
|---|---|
| fixed length control field | 00723 a2200169 4500 |
| 003 - CONTROL NUMBER IDENTIFIER | |
| control field | NUST |
| 005 - DATE AND TIME OF LATEST TRANSACTION | |
| control field | 20221209152144.0 |
| 040 ## - CATALOGING SOURCE | |
| Transcribing agency | Nust |
| 082 ## - DEWEY DECIMAL CLASSIFICATION NUMBER | |
| Classification number | 297.55,BAZ |
| 100 ## - MAIN ENTRY--PERSONAL NAME | |
| Personal name | Baz, Shaykh Abdul Aziz bin Abdullah Bin |
| 9 (RLIN) | 104566 |
| 245 ## - TITLE STATEMENT | |
| Title | Fatawa Islamiyah Islamic Verdicts (Vol-7) / |
| Statement of responsibility, etc. | Shaykh Abdul Aziz bin Abdullah Bin Baz |
| 260 ## - PUBLICATION, DISTRIBUTION, ETC. | |
| Place of publication, distribution, etc. | London |
| Name of publisher, distributor, etc. | Darussalam |
| Date of publication, distribution, etc. | 2001 |
| 300 ## - PHYSICAL DESCRIPTION | |
| Extent | 400 p.; |
| 505 ## - FORMATTED CONTENTS NOTE | |
| Formatted contents note | The Noble Quran (Page-15), Tafsir (Page-90), Hadith (Page-161), Rerpentance and Rulings Regarding It (Page-233), Rulings Regarding Supplication and its Manners (Page-273), Al-Birr and Joining Relations (Page-299), Clothes and Adornment (Page-365). |
| 650 ## - SUBJECT ADDED ENTRY--TOPICAL TERM | |
| Topical term or geographic name entry element | Islamic Verdicts |
| 9 (RLIN) | 104571 |
| 942 ## - ADDED ENTRY ELEMENTS (KOHA) | |
| Source of classification or shelving scheme | |
| Koha item type | Book |
| Call number prefix | 297.55,BAZ |
| Withdrawn status | Lost status | Source of classification or shelving scheme | Damaged status | Not for loan | Collection code | Permanent Location | Current Location | Date acquired | Total Checkouts | Full call number | Barcode | Date last seen | Price effective from | Koha item type | Shelving location | Public note |
|---|---|---|---|---|---|---|---|---|---|---|---|---|---|---|---|---|
| Military College of Signals (MCS) | Military College of Signals (MCS) | 12/12/2016 | 297.55 BAZ | MCS33094 | 12/08/2016 | 12/12/2016 | Book | |||||||||
| Military College of Signals (MCS) | Military College of Signals (MCS) | 12/12/2016 | 297.55 BAZ | MCS33095 | 12/08/2016 | 12/12/2016 | Book | |||||||||
| Military College of Signals (MCS) | Military College of Signals (MCS) | 12/12/2016 | 297.55,BAZ | MCS33096 | 12/08/2016 | 12/12/2016 | Book | General Stacks | Almirah No.47, Shelf No.4 |
